000 00501nam a2200181Ia 4500
005 20250508150605.0
008 008 250505s9999 xx 000 0 eng d
037 _aTextual
040 _aFEDL
_beng
_cFEDL
041 _aeng
_2eng
084 _a401, WIL
_qFEDL
100 _aWilson Richard Albert
_965882
245 0 _aMiraculous birth of language
260 _aNew York, USA
_bPhilosophical Library
_c1948
300 _a256p
942 _cTEXL
_h401, WIL
999 _c1324435
_d1324435